| 000 | 00515nam a2200157Ia 4500 | ||
|---|---|---|---|
| 008 | 240729s9999 xx 000 0 und d | ||
| 022 | _a2285-438X | ||
| 245 | 0 | _aScientific Bulletin of the ''Petru Maior" University of Tîrgu Mureș | |
| 260 | _aRomania | ||
| 260 | _bEditura Universităţii "Petru Maior" | ||
| 650 | _a Engineering (General). Civil engineering (General) | ||
| 650 | _aTechnology | ||
| 856 | _uhttps://doaj.org/toc/b4bf8129d8f44ae4b4e59ef6f13dfb97 | ||
| 942 | _2ddc | ||
| 942 | _cDOAJEJ | ||
| 999 |
_c70835 _d70835 |
||
| 945 |
_a1 _bMadushi Gamage _c1 _dMadushi Gamage |
||